| 000 | 00913cam a22002774a 4500 | ||
|---|---|---|---|
| 999 |
_c522502 _d522502 |
||
| 001 | 14018462 | ||
| 003 | NUST | ||
| 005 | 20181030104743.0 | ||
| 008 | 050628s2006 nyu 000 0 eng | ||
| 010 | _a 2005018460 | ||
| 038 | _aArshad | ||
| 040 |
_aDLC _cDLC _dDLC |
||
| 042 | _apcc | ||
| 050 | 0 | 0 |
_aHD58.6 _b.A35 2006 |
| 082 | 0 | 0 |
_a302.3 _bSAM |
| 100 | 1 |
_aSamuels, Steven B. _912377 |
|
| 245 | 1 | 0 |
_aHow to negotiate / _cSteven B. Samuels |
| 260 |
_aNew York : _bAMACOM, _c1982. |
||
| 300 |
_axii, 175 p. ; _c20 cm. |
||
| 650 | 0 |
_aNegotiation in business. _912378 |
|
| 650 | 0 |
_aNegotiation. _912379 |
|
| 856 | 4 | 1 |
_3Table of contents _uhttp://www.loc.gov/catdir/toc/ecip0515/2005018460.html |
| 906 |
_a7 _bcbc _corignew _d1 _eecip _f20 _gy-gencatlg |
||
| 942 |
_2ddc _cBK |
||